| 000 | 00787nas a2200277 4500 | ||
|---|---|---|---|
| 001 | BR0100079 | ||
| 003 | BR-BrBNA | ||
| 005 | 20231205102010.0 | ||
| 007 | ta | ||
| 008 | 230509b bl.|||p| |||| 00| 00por d | ||
| 040 |
_aBR-BrBNA _bpor _cBiblioteca Nacional de Agricultura |
||
| 041 | _a(Pt) | ||
| 072 | _aF01 | ||
| 100 | 1 | _aGalho, A.S. | |
| 100 | 1 | _aLopes, N.F. | |
| 100 | 1 | _aRaseira, A. | |
| 100 | 1 | _aBacarin, M.A. | |
| 245 | 1 | _aCrescimento do fruto de araca (Psidium cattleyanum Sabine) | |
| 650 | _aAraca | ||
| 650 | _aFruto | ||
| 650 | _aCrescimento | ||
| 650 | _aMateria Seca | ||
| 773 | 0 |
_tRevista Brasileira de Fruticultura (Brazil) _xISSN 0100-2945 _g(Aug 2000), v. 22(2) p. 223-225 _wBR0100079 |
|
| 909 |
_a202311 _bLúcia _c55 _dLúcia Elande |
||
| 942 |
_2AGRIS _n0 _cANA |
||
| 999 |
_c165173 _d165173 |
||